00305nam a2200121Ia 4500008004100000100001300041245004300054260003000097300000800127650002400135942000700159999001700166190216s9999||||xx |||||||||||||| ||und|| aRobson A 3aAn Introduction To Analytical Geometry bCambridge Uty Pressc2009 a409 aAnalytical Geometry cBK c32418d32418